000 00587nam a2200217Ia 4500
005 20241129110244.0
008 241129s9999||||xx |||||||||||||| ||und||
020 _a978-81-944768-0-1
037 _aTB
040 _aARTS
_beng
_cARTS
041 _aeng
_2urd
084 _aU8 168R0
_qARTS
100 _aSuhail Waheed Au.
_9727593
245 0 _aYadon ki baraat
_cSuhail Waheed Au.
260 _aDelhi, India
_bM. R. Publications
_c2019
300 _a336p.
365 _aINR
_b300
650 _aGeographyTravel
_9726204
942 _cTB
_hU8 168R0
999 _c1227917
_d1227917